000 00287nam a2200109Ia 4500
008 171211s9999 xx 000 0 und d
245 _aEl encantador de perros
245 _cCesar Millan
260 _c2006
650 _xANIMALS
856 _uhttp://down.ebook777.com/054/9786071100733.pdf
999 _c348464
_d348464